Normal view
MARC view
Entry Topical Term
001 - CONTROL NUMBER
- control field: 6623
003 - CONTROL NUMBER IDENTIFIER
- control field: BD-RjUL
005 - DATE AND TIME OF LATEST TRANSACTION
- control field: 20230118104534.0
008 - FIXED-LENGTH DATA ELEMENTS
- fixed length control field: 230118|| aca||aabn | a|a d
040 ## - CATALOGING SOURCE
- Original cataloging agency: BD-RjUL
- Transcribing agency: BD-RjUL
150 ## - HEADING--TOPICAL TERM
- Topical term or geographic name entry element: Philosophy, Medieval
670 ## - SOURCE DATA FOUND
- Source citation: Work cat.: (BD-RjUL)81095: الفارابي، farabi, 874-950 6621, آراء أهل المدينة الفاضلة /ara' 'ahl almadinat alfadilat /, [د. ت.]